[Event "Campeonato de Aragón de Ajedrez por Equ"]
[Site "Aragón"]
[Date "2016.04.02"]
[Round "9.7"]
[White "Rudolf, Anna"]
[Black "Cobo Garrido, Diego Israel"]
[Result "1/2-1/2"]
[WhiteElo "2332"]
[BlackElo "2062"]
[PlyCount "105"]
[EventDate "2016.01.30"]
[WhiteTeam "Jaime Casas A"]
[BlackTeam "ONCE C.A. Aragon"]

1. e4 e5 2. Nf3 Nc6 3. Bb5 a6 4. Ba4 Nf6 5. O-O Be7 6. d3 b5 7. Bb3 O-O 8. a4
Bb7 9. Nc3 b4 10. Ne2 d5 11. exd5 Nxd5 12. Ng3 Nd4 13. Nxd4 exd4 14. Re1 Qd7
15. Qf3 Rae8 16. Nh5 Bf6 17. Bh6 Rxe1+ 18. Rxe1 Re8 19. Rxe8+ Qxe8 20. Qe4 Qxe4
21. dxe4 Nb6 22. Nxf6+ gxf6 23. Bf4 c5 24. a5 Nd7 25. Bd5 Bxd5 26. exd5 Ne5 27.
Bh6 f5 28. Bg5 Kf8 29. b3 c4 30. Bf6 d3 31. cxd3 Nxd3 32. bxc4 b3 33. Kf1 b2
34. Bxb2 Nxb2 35. c5 Nc4 36. Ke2 Ke7 37. Kd3 Nxa5 38. Kc3 Nb7 39. Kb4 Nxc5 40.
Kxc5 Kd7 41. f4 h5 42. g3 a5 43. Kb5 Kd6 44. Kxa5 Kxd5 45. Kb5 Ke4 46. Kc5 h4
47. gxh4 Kxf4 48. h3 Ke5 49. h5 f4 50. h6 Kf6 51. Kd4 Kg6 52. Ke4 Kxh6 53. Kxf4
1/2-1/2

[Event "Campeonato de Aragón de Ajedrez por Equ"]
[Site "Aragón"]
[Date "2016.04.02"]
[Round "9.8"]
[White "Latorre Abad, Fernando"]
[Black "Fontana Sotomayor, Luis Javier"]
[Result "0-1"]
[WhiteElo "2056"]
[BlackElo "2315"]
[PlyCount "54"]
[EventDate "2016.01.30"]
[WhiteTeam "ONCE C.A. Aragon"]
[BlackTeam "Jaime Casas A"]

1. e4 Nf6 2. e5 Nd5 3. c4 Nb6 4. d4 d6 5. exd6 exd6 6. Nc3 Be7 7. Be3 O-O 8. h3
Nc6 9. Nf3 Bf5 10. b3 Bf6 11. Rc1 Re8 12. Be2 h6 13. O-O d5 14. c5 Nc8 15. a3
N8e7 16. b4 a6 17. Qd2 Be6 18. g4 g5 19. Bd3 Bg7 20. Ne2 f5 21. Bxg5 hxg5 22.
Nxg5 Qd7 23. Nf4 Bf7 24. Nxf7 Kxf7 25. gxf5 Nxd4 26. Qd1 Rh8 27. Qg4 Rh4 0-1

[Event "Campeonato de Aragón de Ajedrez por Equ"]
[Site "Aragón"]
[Date "2016.04.02"]
[Round "9.9"]
[White "Lana Rodriguez, David"]
[Black "Adla, Diego"]
[Result "1-0"]
[WhiteElo "2260"]
[BlackElo "2410"]
[PlyCount "109"]
[EventDate "2016.01.30"]
[WhiteTeam "Agrupacion A"]
[BlackTeam "St. Casablanca A"]

1. e4 e6 2. d4 c5 3. d5 exd5 4. exd5 d6 5. Nf3 Nf6 6. Nc3 Be7 7. h3 O-O 8. Bd3
b6 9. Bf4 Na6 10. g4 Nc7 11. g5 Nfxd5 12. Nxd5 Nxd5 13. Bxh7+ Kxh7 14. Qxd5 Qd7
15. O-O-O Bb7 16. Qd3+ Kg8 17. Rhg1 Qa4 18. Rg4 Qe4 19. Qxe4 Bxe4 20. Nh4 d5
21. f3 Bh7 22. Rxd5 Rad8 23. Rd2 Rfe8 24. Rg1 Rxd2 25. Bxd2 Bd6 26. f4 Re2 27.
f5 Kf8 28. g6 Bg8 29. f6 Be5 30. Bg5 Rf2 31. fxg7+ Kxg7 32. Be3 Rf6 33. Rg5
Rf1+ 34. Kd2 Bxb2 35. Nf5+ Rxf5 36. Rxf5 fxg6 37. Rf1 Be5 38. Bf4 Bf6 39. a3
Be6 40. Rf3 c4 41. Bh6+ Kf7 42. Bg5 Bf5 43. Bxf6 Kxf6 44. c3 Ke5 45. Ke3 a5 46.
h4 Bd3 47. Rf8 Kd5 48. Re8 Kd6 49. Kd4 Kd7 50. Rf8 Kc6 51. a4 Bc2 52. Rf6+ Kc7
53. Kxc4 Bxa4 54. Rxg6 Bc2 55. Rf6 1-0

[Event "Campeonato de Aragón de Ajedrez por Equ"]
[Site "Aragón"]
[Date "2016.04.02"]
[Round "9.10"]
[White "Glavina, Pablo"]
[Black "Remiro Juste, Fernando Jose"]
[Result "1/2-1/2"]
[WhiteElo "2382"]
[BlackElo "2231"]
[PlyCount "138"]
[EventDate "2016.01.30"]
[WhiteTeam "St. Casablanca A"]
[BlackTeam "Agrupacion A"]

1. d4 d5 2. c4 e6 3. Nf3 c5 4. cxd5 exd5 5. g3 Nf6 6. Bg2 Nc6 7. O-O Be7 8.
dxc5 Bxc5 9. Qc2 Be7 10. Rd1 O-O 11. Nc3 Qa5 12. a3 Bg4 13. Be3 Rac8 14. b4 Qd8
15. Qb3 Be6 16. Ng5 Qd7 17. Nxd5 Nxd5 18. Bxd5 Bxg5 19. Bxe6 Qxe6 20. Qxe6 fxe6
21. Bxg5 Ne5 22. Rd6 Nf7 23. Be7 Nxd6 24. Bxd6 Rfd8 25. Bc5 b6 26. Be3 Rc2 27.
Kf1 Rd7 28. h4 Kf7 29. a4 Rb2 30. b5 e5 31. Kg2 Ke6 32. Ra3 e4 33. g4 Rxe2 34.
a5 Rd3 35. axb6 axb6 36. Ra1 Rb2 37. Bxb6 e3 38. Re1 Rxf2+ 39. Kg3 Rb2 40. Bxe3
Rxb5 41. Kf4 Rb4+ 42. Kf3 Kd5 43. Re2 Re4 44. Re1 Re6 45. Kf2 Re4 46. Kf3 Re7
47. Kf2 Rf7+ 48. Ke2 Rb3 49. Rd1+ Ke6 50. Rd4 Rb2+ 51. Kd3 Rd7 52. Rxd7 Kxd7
53. Bd4 Rh2 54. h5 g6 55. hxg6 hxg6 56. Ke4 Ke6 57. Kf4 Rd2 58. Bc3 Rd5 59. Bb2
Rb5 60. Bc3 Rc5 61. Bb2 g5+ 62. Ke4 Rc4+ 63. Kf3 Rf4+ 64. Kg3 Rb4 65. Bc1 Rb3+
66. Kf2 Kf6 67. Kg2 Rb4 68. Kf3 Rc4 69. Bd2 Ra4 1/2-1/2

[Event "Campeonato de Aragón de Ajedrez por Equ"]
[Site "Aragón"]
[Date "2016.04.02"]
[Round "9.11"]
[White "Mimbela Lopez, Miguel A"]
[Black "Quintin Navarro, Alberto"]
[Result "1-0"]
[WhiteElo "2149"]
[BlackElo "2355"]
[PlyCount "55"]
[EventDate "2016.01.30"]
[WhiteTeam "Agrupacion A"]
[BlackTeam "St. Casablanca A"]

1. e4 c5 2. Nc3 Nc6 3. f4 e6 4. Bb5 Nd4 5. Nf3 a6 6. Bd3 Nc6 7. O-O d5 8. f5 d4
9. fxe6 Bxe6 10. Nd5 Bd6 11. b4 cxb4 12. Bb2 Nf6 13. Qe1 O-O 14. Nxf6+ Qxf6 15.
e5 Nxe5 16. Nxe5 Qxe5 17. Qh4 h6 18. Kh1 Rae8 19. Rae1 Qg5 20. Qe4 f5 21. Qxd4
Bb8 22. Rxe6 Rxe6 23. Bc4 Rff6 24. Re1 Kh7 25. Bxe6 Rg6 26. Bd5 Qh5 27. Qg1 Qh4
28. Re8 1-0

[Event "Campeonato de Aragón de Ajedrez por Equ"]
[Site "Aragón"]
[Date "2016.04.02"]
[Round "9.13"]
[White "Gines Esteo, Pedro Antonio"]
[Black "Garza Marco, Sergio"]
[Result "0-1"]
[WhiteElo "2192"]
[BlackElo "2398"]
[PlyCount "100"]
[EventDate "2016.01.30"]
[WhiteTeam "Ibercaja A"]
[BlackTeam "Helios"]

1. d4 Nf6 2. Nf3 e6 3. e3 b6 4. Bd3 Bb7 5. O-O d5 6. b3 Bd6 7. Bb2 O-O 8. Ne5
c5 9. Nd2 Nc6 10. a3 Rc8 11. f4 Ne7 12. Qf3 b5 13. c3 c4 14. Be2 Ne4 15. Nxe4
dxe4 16. Qh3 Bd5 17. a4 f6 18. bxc4 bxc4 19. Nxc4 Rxc4 20. Bxc4 Bxc4 21. Rfb1
Qd7 22. Ba3 Bd3 23. Bxd6 Qxd6 24. Rb7 a6 25. Qh5 Nf5 26. Kf2 Qc6 27. Rb3 Bc2
28. Rba3 Rb8 29. Qe2 Bd3 30. Qd2 Nd6 31. R3a2 Nc4 32. Qc1 a5 33. Kg1 Rb3 34. h3
Qb6 35. Kh2 Qb8 36. Kg1 Qe8 37. Kh2 h5 38. Qe1 Qg6 39. Rc1 h4 40. Qf2 Qg3+ 41.
Qxg3 hxg3+ 42. Kxg3 Nxe3 43. Kf2 Rxc3 44. Rxc3 Nd1+ 45. Ke1 Nxc3 46. Ra3 Ne2
47. f5 Nxd4 48. Rc3 exf5 49. Rc5 e3 50. Kd1 e2+ 0-1

[Event "Campeonato de Aragón de Ajedrez por Equ"]
[Site "Aragón"]
[Date "2016.04.02"]
[Round "9.14"]
[White "Guzman Moneo, Alberto"]
[Black "Gines Abad, Pedro"]
[Result "1-0"]
[WhiteElo "2211"]
[BlackElo "2018"]
[PlyCount "61"]
[EventDate "2016.01.30"]
[WhiteTeam "Helios"]
[BlackTeam "Ibercaja A"]

1. e4 d6 2. d4 Nf6 3. Nc3 e5 4. Nf3 Nbd7 5. Bc4 Be7 6. a4 O-O 7. O-O c6 8. Ba2
b6 9. Nh4 exd4 10. Qxd4 Nc5 11. Nf3 Be6 12. Rd1 Qc7 13. b3 d5 14. exd5 Nxd5 15.
Nxd5 Bxd5 16. Bf4 Qd8 17. Qe3 Ne4 18. c4 Bc5 19. Nd4 Qf6 20. cxd5 Bxd4 21. Rxd4
c5 22. Rdd1 Nc3 23. Qe5 Qxe5 24. Bxe5 Nxd1 25. Rxd1 Rfe8 26. Bc3 a5 27. Bb1
Rad8 28. Bd3 Rxd5 29. Bxh7+ Kxh7 30. Rxd5 Re2 31. Bd2 1-0

[Event "Campeonato de Aragón de Ajedrez por Equ"]
[Site "Aragón"]
[Date "2016.04.02"]
[Round "9.15"]
[White "Eizaguerri Floris, Maria"]
[Black "Cerrajeria Ruiz, Jesus Maria"]
[Result "1/2-1/2"]
[WhiteElo "1906"]
[BlackElo "2210"]
[PlyCount "169"]
[EventDate "2016.01.30"]
[WhiteTeam "Ibercaja A"]
[BlackTeam "Helios"]

1. e4 c5 2. c3 Nf6 3. e5 Nd5 4. Bc4 Nb6 5. Bb3 Nc6 6. d4 cxd4 7. cxd4 d6 8.
exd6 e6 9. Nf3 Bxd6 10. O-O h6 11. Nc3 O-O 12. a3 Ne7 13. Bc2 Nbd5 14. Qd3 Nf6
15. Ne4 Ned5 16. Nxd6 Qxd6 17. Ne5 Bd7 18. Bxh6 Bb5 19. Qxb5 gxh6 20. Qd3 Rfd8
21. Qg3+ Kf8 22. Rfd1 Rac8 23. Bb3 Ne7 24. Qf4 Kg7 25. Rd3 Ng6 26. Rg3 Qxd4 27.
Qxd4 Rxd4 28. Nxg6 fxg6 29. Bxe6 Rc6 30. Bb3 Rd2 31. Re1 Rxb2 32. Re7+ Kf8 33.
Rf7+ Ke8 34. Re3+ Kd8 35. g3 Ng4 36. Rd3+ Kc8 37. Re7 Nxf2 38. Rf3 Nh3+ 39. Kf1
Rc1+ 40. Re1 Rxe1+ 41. Kxe1 Rxh2 42. Rf6 Ng5 43. Rxg6 Kc7 44. Kd1 a5 45. a4 Ne4
46. Kc1 Rh3 47. Kb2 Nxg3 48. Bd5 Nf5 49. Rf6 Nd6 50. Rg6 Rd3 51. Bb3 h5 52. Rh6
Rh3 53. Be6 Rh4 54. Kb3 Rb4+ 55. Ka3 h4 56. Rh7+ Kc6 57. Rh6 b6 58. Bb3 Rg4 59.
Be6 Rg3+ 60. Kb2 Re3 61. Bb3 h3 62. Rh5 Rd3 63. Kc2 Rg3 64. Kb2 Rg2+ 65. Kc3
Ne4+ 66. Kd4 Nd2 67. Bd5+ Kd6 68. Rh6+ Ke7 69. Bxg2 hxg2 70. Rg6 Nf3+ 71. Kd5
Nh4 72. Rg4 Kd7 73. Rg7+ Ke8 74. Kc6 Kf8 75. Rg4 Ke7 76. Kxb6 Ke6 77. Kxa5 Kf5
78. Rg3 Kf4 79. Rxg2 Nxg2 80. Kb5 Ke5 81. a5 Kd6 82. Kb6 Nf4 83. a6 Nd5+ 84.
Kb7 Kd7 85. a7 1/2-1/2

[Event "Campeonato de Aragón de Ajedrez por Equ"]
[Site "Aragón"]
[Date "2016.04.02"]
[Round "9.16"]
[White "Aparicio Navarro, Pedro"]
[Black "Torcal Miguel, Oscar"]
[Result "1/2-1/2"]
[WhiteElo "2141"]
[BlackElo "1902"]
[PlyCount "54"]
[EventDate "2016.01.30"]
[WhiteTeam "Helios"]
[BlackTeam "Ibercaja A"]

1. c4 e5 2. Nf3 Nc6 3. Nc3 Nf6 4. g3 d5 5. cxd5 Nxd5 6. Bg2 Be6 7. O-O Bc5 8.
Nxe5 Nxe5 9. d4 Nxc3 10. bxc3 Bd6 11. dxe5 Bxe5 12. Bxb7 Qxd1 13. Rxd1 Rb8 14.
Bc6+ Ke7 15. Ba3+ Bd6 16. Bxd6+ cxd6 17. Bd5 Rb2 18. Kf1 Rc8 19. Bxe6 fxe6 20.
Rd3 a5 21. Ke1 Rc2 22. Rb1 R8xc3 23. Rb7+ Kf6 24. Rxc3 Rxc3 25. Kd2 Rc5 26. h4
h5 27. Ra7 g6 1/2-1/2

[Event "Campeonato de Aragón de Ajedrez por Equ"]
[Site "Aragón"]
[Date "2016.04.02"]
[Round "9.17"]
[White "Gutierrez Mingueza, Ruben"]
[Black "Salamero Pelay, Fernando"]
[Result "1/2-1/2"]
[WhiteElo "2075"]
[BlackElo "2169"]
[PlyCount "51"]
[EventDate "2016.01.30"]
[WhiteTeam "San Jose"]
[BlackTeam "Atl. Huesca"]

1. d4 Nf6 2. Bg5 e6 3. e4 c5 4. d5 Qa5+ 5. Bd2 Qc7 6. Nc3 a6 7. a4 d6 8. Nf3
Be7 9. Be2 O-O 10. O-O e5 11. Bg5 Ne8 12. Bxe7 Qxe7 13. Nd2 f5 14. exf5 Bxf5
15. Bg4 Nd7 16. Nc4 Bxg4 17. Qxg4 Rf4 18. Qe2 Nc7 19. g3 Rd4 20. Ne4 Nxd5 21.
Ncxd6 Rb4 22. a5 Rxb2 23. Nc4 Rb5 24. Ncd6 Rb2 25. Nc4 Rb5 26. Ncd6 1/2-1/2

[Event "Campeonato de Aragón de Ajedrez por Equ"]
[Site "Aragón"]
[Date "2016.04.02"]
[Round "9.18"]
[White "Luis Vitalla, Fernando"]
[Black "Palomar Ramon, Santiago"]
[Result "1/2-1/2"]
[WhiteElo "2117"]
[BlackElo "1980"]
[PlyCount "39"]
[EventDate "2016.01.30"]
[WhiteTeam "Atl. Huesca"]
[BlackTeam "San Jose"]

1. d4 d5 2. c4 e6 3. Nc3 Nf6 4. cxd5 exd5 5. Bg5 Nbd7 6. e3 c6 7. Bd3 Be7 8.
Qc2 Nf8 9. Nge2 Ne6 10. Bh4 Nh5 11. Bxe7 Qxe7 12. O-O g6 13. f3 O-O 14. Rae1
Qg5 15. f4 Qh6 16. g4 Nhg7 17. Ng3 Qh3 18. Qe2 h5 19. g5 Re8 20. Qg2 1/2-1/2

[Event "Campeonato de Aragón de Ajedrez por Equ"]
[Site "Aragón"]
[Date "2016.04.02"]
[Round "9.19"]
[White "Rubio Tello, Abel"]
[Black "Gella Lopez, Angel"]
[Result "0-1"]
[WhiteElo "1838"]
[BlackElo "2081"]
[PlyCount "74"]
[EventDate "2016.01.30"]
[WhiteTeam "San Jose"]
[BlackTeam "Atl. Huesca"]

1. d4 Nf6 2. Nf3 e6 3. Bg5 d5 4. e3 Nbd7 5. Bd3 Be7 6. O-O O-O 7. Nbd2 c5 8. c3
b6 9. Qa4 c4 10. Bb1 Bb7 11. Qc2 g6 12. Bf4 Ne4 13. Nxe4 dxe4 14. Nd2 f5 15.
Bh6 Re8 16. Nxc4 Ba6 17. b3 Rc8 18. a4 Bxc4 19. bxc4 Bd6 20. Bf4 Bxf4 21. exf4
Qc7 22. Ba2 Qxf4 23. Rae1 Nf6 24. f3 exf3 25. Rxf3 Qd6 26. Re5 Ng4 27. c5 bxc5
28. Rfe3 Nxe3 29. Rxe3 cxd4 30. Rd3 Kg7 31. Qd2 e5 32. cxd4 exd4 33. Rxd4 Qc5
34. Kf1 Qc1+ 35. Kf2 Rc2 36. Rd7+ Kh8 37. Kg3 Rxd2 0-1

[Event "Campeonato de Aragón de Ajedrez por Equ"]
[Site "Aragón"]
[Date "2016.04.02"]
[Round "9.20"]
[White "Laplaza Ara, Carlos"]
[Black "Glaria Tevar, Salvador"]
[Result "1-0"]
[WhiteElo "1975"]
[BlackElo "1808"]
[PlyCount "92"]
[EventDate "2016.01.30"]
[WhiteTeam "Atl. Huesca"]
[BlackTeam "San Jose"]

1. d4 e6 2. Nf3 f5 3. c4 Nf6 4. Nc3 Bb4 5. a3 Bxc3+ 6. bxc3 b6 7. g3 Bb7 8. Bg2
O-O 9. O-O d6 10. Qd3 Qe8 11. Nd2 Bxg2 12. Kxg2 e5 13. e4 f4 14. Nf3 Qh5 15. h3
Nbd7 16. Bd2 Rae8 17. Rae1 g5 18. Nh2 Qg6 19. f3 fxg3 20. Kxg3 Nh5+ 21. Kf2 Nf4
22. Bxf4 Rxf4 23. Rg1 Qh5 24. Rg3 Nf6 25. Ng4 Nxg4+ 26. hxg4 Qh2+ 27. Rg2 Qh4+
28. Ke2 Ref8 29. Rf1 h5 30. gxh5 g4 31. Rfg1 Kh7 32. Rxg4 Rxg4 33. Rxg4 Qh2+
34. Ke1 Qh1+ 35. Kf2 Qh2+ 36. Rg2 Qxh5 37. dxe5 Qxe5 38. Qd5 Qxd5 39. cxd5 Rc8
40. Ke3 c6 41. dxc6 Rxc6 42. Kd4 Rc5 43. f4 Ra5 44. f5 Rxa3 45. f6 Ra1 46. Kd5
Rd1+ 1-0

[Event "Campeonato de Aragón de Ajedrez por Equ"]
[Site "Aragón"]
[Date "2016.04.02"]
[Round "9.21"]
[White "Moreno Gracia, Daniel"]
[Black "Llanes Luno, Ricardo"]
[Result "1/2-1/2"]
[WhiteElo "2337"]
[BlackElo "2170"]
[PlyCount "120"]
[EventDate "2016.01.30"]
[WhiteTeam "L'Aurora Estadilla A"]
[BlackTeam "Delicias"]

1. c4 e5 2. Nc3 Nc6 3. g3 g6 4. Bg2 Bg7 5. Nf3 f5 6. d3 Nf6 7. O-O d6 8. Rb1
O-O 9. b4 h6 10. b5 Ne7 11. c5 Be6 12. Ba3 Rc8 13. Rc1 b6 14. cxd6 cxd6 15. Nd2
Qd7 16. Nc4 Ne8 17. Qa4 Rf7 18. Ne3 e4 19. d4 Nc7 20. Rfd1 d5 21. Bxe7 Rxe7 22.
Qxa7 Qd6 23. Na4 Ra8 24. Qxb6 Qxb6 25. Nxb6 Rxa2 26. Rc5 Rxe2 27. Nbxd5 Nxd5
28. Nxd5 Rd7 29. Nf4 Rxd4 30. Rxd4 Bxd4 31. Nxe6 Bxc5 32. Nxc5 Rc2 33. Nb7 Kf7
34. Bf1 Ke6 35. Nd8+ Ke7 36. Nc6+ Kd6 37. h4 g5 38. Nd4 Rc5 39. hxg5 hxg5 40.
Nb3 Rc3 41. Nd2 Kc5 42. g4 e3 43. fxe3 Rxe3 44. gxf5 Re5 45. f6 Rf5 46. Bd3 Rf4
47. Ne4+ Kd4 48. Bc2 Kd5 49. f7 Ke6 50. Nxg5+ Ke7 51. Ne4 Rxf7 52. Bb3 Rg7+ 53.
Kf2 Kd7 54. Ke3 Kc7 55. Kd4 Kb6 56. Bc4 Rg4 57. Be2 Rh4 58. Ke5 Rh2 59. Bc4
Rh5+ 60. Kd4 Rxb5 1/2-1/2

[Event "Campeonato de Aragón de Ajedrez por Equ"]
[Site "Aragón"]
[Date "2016.04.02"]
[Round "9.22"]
[White "Roche Simon, Manuel Angel"]
[Black "Solano Lasierra, Javier"]
[Result "1-0"]
[WhiteElo "2143"]
[BlackElo "2117"]
[PlyCount "101"]
[EventDate "2016.01.30"]
[WhiteTeam "Delicias"]
[BlackTeam "L'Aurora Estadilla A"]

1. e4 c6 2. d4 d5 3. Nd2 dxe4 4. Nxe4 Bf5 5. Ng3 Bg6 6. Nf3 Nd7 7. h4 h6 8. h5
Bh7 9. Bd3 Bxd3 10. Qxd3 e6 11. Bd2 Ngf6 12. O-O-O Be7 13. Ne4 Nxe4 14. Qxe4
Nf6 15. Qe2 Qd5 16. c4 Qe4 17. Qxe4 Nxe4 18. Be1 O-O 19. Ne5 Rfd8 20. f3 Nf6
21. Bc3 Rac8 22. g4 Nd7 23. Kc2 Nxe5 24. dxe5 Bc5 25. b4 Be7 26. f4 Rxd1 27.
Rxd1 Rd8 28. Rg1 b5 29. c5 a5 30. a3 a4 31. g5 Kh7 32. g6+ Kg8 33. gxf7+ Kxf7
34. Rg6 Re8 35. Kd3 Rd8+ 36. Ke2 Bh4 37. Rg4 Be7 38. Rg6 Bh4 39. Rg1 Be7 40.
Ke3 Rg8 41. Rg6 Rd8 42. Ke4 Rd1 43. f5 exf5+ 44. Kxf5 Rd3 45. e6+ Ke8 46. Bxg7
Rxa3 47. Bxh6 Bh4 48. Bf4 Rf3 49. h6 Rh3 50. h7 Bf6 51. Rg8+ 1-0

[Event "Campeonato de Aragón de Ajedrez por Equ"]
[Site "Aragón"]
[Date "2016.04.02"]
[Round "9.24"]
[White "Llanes Luno, Pedro Alfredo"]
[Black "Felez Casedas, Carlos"]
[Result "1-0"]
[WhiteElo "2103"]
[BlackElo "2012"]
[PlyCount "77"]
[EventDate "2016.01.30"]
[WhiteTeam "Delicias"]
[BlackTeam "L'Aurora Estadilla A"]

1. e4 d5 2. exd5 Qxd5 3. Nc3 Qd8 4. d4 Nf6 5. Bc4 c6 6. Nge2 e6 7. O-O b5 8.
Bb3 Be7 9. Ng3 a5 10. a4 b4 11. Nce4 Nbd7 12. Re1 O-O 13. Ng5 Nd5 14. Nf3 Bb7
15. Qd3 c5 16. c4 bxc3 17. bxc3 cxd4 18. cxd4 Nb4 19. Qd1 Nf6 20. Ne5 Bd5 21.
Rb1 Rc8 22. Be3 Qb6 23. Bxd5 Nfxd5 24. Nd7 Qa6 25. Nxf8 Bxf8 26. Bd2 Qa7 27.
Qg4 Nf6 28. Qh4 Rc4 29. Be3 Nbd5 30. Rec1 Rxa4 31. Ne4 Nxe4 32. Qxe4 Rb4 33. h4
Rxb1 34. Qxb1 a4 35. Qa2 a3 36. Rc4 Qa5 37. Bd2 Qb5 38. Rc8 h6 39. Qxa3 1-0

[Event "Campeonato de Aragón de Ajedrez por Equ"]
[Site "Aragón"]
[Date "2016.04.02"]
[Round "9.25"]
[White "Gracia Campo, Carlos Alberto"]
[Black "Nicolas Zapata, Irene"]
[Result "0-1"]
[WhiteElo "2084"]
[BlackElo "2239"]
[PlyCount "84"]
[EventDate "2016.01.30"]
[WhiteTeam "El Olivar B"]
[BlackTeam "Teruel"]

1. e4 c5 2. Nf3 Nc6 3. d4 cxd4 4. Nxd4 g6 5. Nc3 Bg7 6. Be3 Nf6 7. Be2 O-O 8.
g4 d5 9. Nxc6 bxc6 10. e5 Nd7 11. f4 e6 12. h4 c5 13. Nb5 d4 14. Bf2 Bb7 15.
Rh3 Bg2 16. Ra3 f6 17. Bc4 fxe5 18. Bxe6+ Kh8 19. f5 e4 20. Bg3 Ne5 21. Qe2 Bf3
22. Rxf3 exf3 23. Qxe5 Qa5+ 24. c3 Qxb5 25. g5 f2+ 26. Kxf2 Qxb2+ 27. Kf3 Rxf5+
28. Bxf5 Rf8 29. Qe1 Rxf5+ 30. Kg4 Qg2 31. Rb1 Qf3+ 32. Kh3 d3 33. Rb8+ Rf8 34.
Rxf8+ Qxf8 35. Kg2 Qa8+ 36. Kh2 Qd8 37. Bf4 c4 38. Kg3 Qd7 39. Be5 d2 40. Bxg7+
Kg8 41. Qf2 Kxg7 42. Qf6+ Kg8 0-1

[Event "Campeonato de Aragón de Ajedrez por Equ"]
[Site "Aragón"]
[Date "2016.04.02"]
[Round "9.26"]
[White "Garcia Fernandez, Javier"]
[Black "Veras Sanz, Marino"]
[Result "1/2-1/2"]
[WhiteElo "2173"]
[BlackElo "2057"]
[PlyCount "90"]
[EventDate "2016.01.30"]
[WhiteTeam "Teruel"]
[BlackTeam "El Olivar B"]

1. e4 c5 2. Nf3 d6 3. d4 cxd4 4. Qxd4 Nc6 5. Qe3 Nf6 6. h3 g6 7. Be2 Bg7 8. O-O
O-O 9. c4 Be6 10. Nc3 Na5 11. Nd2 Qc8 12. b3 b5 13. cxb5 Nxe4 14. Ndxe4 d5 15.
Nxd5 Bxd5 16. Rb1 Qc2 17. Bd3 Qxa2 18. Bd2 Nxb3 19. Bc3 Bxe4 20. Bxe4 Bxc3 21.
Bxa8 Nd2 22. Be4 Nxf1 23. Rxf1 Bf6 24. Rd1 Qa4 25. Rd5 e6 26. Rd7 Qxb5 27. Qxa7
Qe5 28. Bf3 Qa1+ 29. Qxa1 Bxa1 30. Ra7 Bd4 31. Ra8 Rxa8 32. Bxa8 Kg7 33. g4 Kf6
34. Kg2 Kg5 35. Bc6 h5 36. Bf3 hxg4 37. hxg4 Kf4 38. Bd1 e5 39. f3 f6 40. Bc2
f5 41. gxf5 gxf5 42. Bb1 Bc5 43. Bc2 e4 44. fxe4 fxe4 45. Bxe4 Kxe4 1/2-1/2

[Event "Campeonato de Aragón de Ajedrez por Equ"]
[Site "Aragón"]
[Date "2016.04.02"]
[Round "9.27"]
[White "Bailo Remacha, Santiago"]
[Black "Dominguez Bujeda, Jesus"]
[Result "0-1"]
[WhiteElo "2036"]
[BlackElo "2119"]
[PlyCount "90"]
[EventDate "2016.01.30"]
[WhiteTeam "El Olivar B"]
[BlackTeam "Teruel"]

1. d4 d5 2. Nf3 Nf6 3. c4 e6 4. Nc3 Be7 5. g3 O-O 6. Bg2 dxc4 7. Qa4 a6 8. Qxc4
b5 9. Qd3 Bb7 10. O-O Nbd7 11. a3 c5 12. e4 b4 13. axb4 cxb4 14. e5 bxc3 15.
exf6 Nxf6 16. bxc3 Be4 17. Qe2 Qc7 18. Bg5 Bd5 19. Rfc1 h6 20. c4 Bxf3 21. Bxf3
hxg5 22. Bxa8 Rxa8 23. Qf3 Rd8 24. Rxa6 Rxd4 25. Qe3 Rxc4 26. Ra8+ Bf8 27. Rxc4
Qxc4 28. Qxg5 Qd4 29. Qc1 Ne4 30. Qc2 Nc5 31. Rc8 g6 32. Kg2 e5 33. f3 Kg7 34.
h4 Nd3 35. Kh3 Bc5 36. Rc7 Qd5 37. Qe2 Qc4 38. Qd2 Qe6+ 39. g4 Nf4+ 40. Kg3 Qb6
41. Qd7 Bf2+ 42. Kh2 Qb3 43. h5 Bb6 44. Rc6 Qb2+ 45. Kg3 Qf2# 0-1

[Event "Campeonato de Aragón de Ajedrez por Equ"]
[Site "Aragón"]
[Date "2016.04.02"]
[Round "9.28"]
[White "Martin Catalan, Juan Vicente"]
[Black "Arinez Bruna, Octavio"]
[Result "1/2-1/2"]
[WhiteElo "2045"]
[BlackElo "1937"]
[PlyCount "106"]
[EventDate "2016.01.30"]
[WhiteTeam "Teruel"]
[BlackTeam "El Olivar B"]

1. d4 Nf6 2. Nf3 c5 3. c3 b6 4. Bf4 g6 5. e3 Bb7 6. Nbd2 Bg7 7. h3 O-O 8. Bd3
d6 9. O-O Nbd7 10. Bh2 Qc7 11. Qe2 e5 12. dxe5 Nxe5 13. Rfd1 Rad8 14. Ba6 Nfd7
15. a4 Bxa6 16. Qxa6 Nb8 17. Qb5 Nbc6 18. Nxe5 dxe5 19. Nc4 Bf6 20. e4 Rxd1+
21. Rxd1 Rd8 22. Qb3 Kf8 23. Bg3 Rd7 24. Ne3 Ne7 25. Ng4 Rxd1+ 26. Qxd1 Bg7 27.
Ne3 Bh6 28. Nc4 Bf4 29. Kh2 h5 30. Qd3 Bxg3+ 31. Kxg3 f5 32. f3 f4+ 33. Kf2 g5
34. Ke2 Kg7 35. Kd2 Kg6 36. Kc2 a6 37. b3 b5 38. axb5 axb5 39. Qd6+ Qxd6 40.
Nxd6 b4 41. Nb7 bxc3 42. Nxc5 g4 43. hxg4 hxg4 44. Kxc3 g3 45. Nd3 Kf6 46. Kc4
Ke6 47. b4 Nc6 48. Kc5 Nd4 49. Ne1 Nb3+ 50. Kc6 Nd4+ 51. Kc5 Nb3+ 52. Kc6 Nd4+
53. Kc7 Ke7 1/2-1/2

[Event "Cto Aragon Equipos 2016 Pref Gr I"]
[Site "Aragon"]
[Date "2016.04.02"]
[Round "9.29"]
[White "Fuster Garcia, Luis"]
[Black "Planas Torrea, Francisco Javie"]
[Result "1-0"]
[WhiteElo "2167"]
[BlackElo "2040"]
[PlyCount "81"]
[EventDate "2016.??.??"]
[EventType "team-tourn"]
[EventRounds "9"]
[WhiteTeam "Marcos Frechin"]
[BlackTeam "Ejea"]

1. e4 c6 2. Nc3 d5 3. Nf3 dxe4 4. Nxe4 Nf6 5. Qe2 Nxe4 6. Qxe4 Qd5 7. Qf4 Qf5
8. Qe3 Qe6 9. d4 Qxe3+ 10. fxe3 Bf5 11. c4 Nd7 12. Be2 e6 13. O-O Be7 14. Bd2
O-O 15. Bc3 Rad8 16. Ba5 Rc8 17. Rad1 g5 18. Bd3 Bg4 19. e4 e5 20. d5 cxd5 21.
cxd5 Bxf3 22. Rxf3 Bc5+ 23. Kh1 b6 24. Bd2 f6 25. Bb5 Rcd8 26. Rdf1 Kg7 27. b4
Bd6 28. Rc1 Kg6 29. a3 h5 30. Rfc3 Nb8 31. g3 Rh8 32. g4 hxg4 33. Be2 f5 34.
exf5+ Kf6 35. Bxg4 Rh4 36. h3 Rhh8 37. Kg2 Nd7 38. Rc6 Nb8 39. b5 Nxc6 40. Rxc6
Ke7 41. Bxg5+ 1-0

[Event "Cto Aragon Equipos 2016 Pref Gr I"]
[Site "Aragon"]
[Date "2016.04.02"]
[Round "9.30"]
[White "Planas Torrea, Alberto"]
[Black "Ciriano Lamban, Alejandro"]
[Result "1/2-1/2"]
[WhiteElo "1967"]
[BlackElo "2004"]
[PlyCount "66"]
[EventDate "2016.??.??"]
[EventType "team-tourn"]
[EventRounds "9"]
[WhiteTeam "Ejea"]
[BlackTeam "Marcos Frechin"]

1. e4 c5 2. Nf3 Nc6 3. d4 cxd4 4. Nxd4 Nf6 5. Nc3 e5 6. Ndb5 d6 7. Bg5 a6 8.
Bxf6 gxf6 9. Na3 Bg7 10. Bd3 O-O 11. Nd5 f5 12. c3 fxe4 13. Bxe4 f5 14. Bf3 e4
15. Be2 Be6 16. Nc4 b5 17. Nf4 Bf7 18. Nxd6 Qc7 19. Nxf7 Qxf4 20. Qd5 Rxf7 21.
Qxc6 Rd8 22. Rd1 Rxd1+ 23. Bxd1 Qc7 24. Qxa6 Bxc3+ 25. Kf1 Qd7 26. Be2 Bxb2 27.
Qxb5 Qxb5 28. Bxb5 Rc7 29. Ke2 Rc2+ 30. Ke3 Bc1+ 31. Kd4 Bb2+ 32. Ke3 Bc1+ 33.
Kd4 Bb2+ 1/2-1/2

[Event "Cto Aragon Equipos 2016 Pref Gr I"]
[Site "Aragon"]
[Date "2016.04.02"]
[Round "9.31"]
[White "Moreno Martinez, Laura"]
[Black "Merin Flores, Miguel Angel"]
[Result "1-0"]
[WhiteElo "1890"]
[BlackElo "1747"]
[PlyCount "97"]
[EventDate "2016.??.??"]
[EventType "team-tourn"]
[EventRounds "9"]
[WhiteTeam "Marcos Frechin"]
[BlackTeam "Ejea"]

1. f4 d5 2. Nf3 Nf6 3. e3 Bf5 4. Be2 c6 5. O-O Nbd7 6. d3 h6 7. Nc3 e6 8. Ne5
Bd6 9. Nxd7 Qxd7 10. Bf3 Rc8 11. e4 dxe4 12. dxe4 Bg6 13. Be3 Bb8 14. Qe2 O-O
15. Rad1 Qe7 16. Rd2 Rcd8 17. Rfd1 Rxd2 18. Rxd2 Rd8 19. g3 Rd7 20. Rxd7 Qxd7
21. Qd2 Qxd2 22. Bxd2 Kf8 23. e5 Nd5 24. Ne4 Ke7 25. c4 Nc7 26. Nd6 f6 27. Nxb7
fxe5 28. fxe5 Na6 29. Na5 Bc7 30. Nxc6+ Kd7 31. b4 Nb8 32. Nxb8+ Bxb8 33. Bc3
Bc2 34. Kf2 Bd3 35. Be2 Be4 36. Ke3 Bc2 37. Bd3 Bd1 38. Bd4 Ba4 39. b5 Bd1 40.
c5 Kc7 41. c6 Ba4 42. Bc5 Kc8 43. Bc4 Bxe5 44. Bxe6+ Kc7 45. Bc4 a6 46. bxa6
Bxc6 47. a7 Kb7 48. Bd3 Ka8 49. Be4 1-0